000 02807nam a2200325 i 4500
003 DO-SdBNP
005 20250416113648.0
007 ta
008 250416b2024 dr ab||| |||| 00| 0 spa d
020 _a9789945800722
040 _aDO-SdBNP
_bspa
_cBNPHU
_erda
041 _aspa
082 4 _axxx
_bS211g 2024
_222
100 _aSánchez Fernández, Kin
_eautor
_4aut.
_964878
245 1 0 _aGuía de anécdotas, cuentos, crónicas y leyendas de la ciudad colonial de Santo Domingo /
_cKin Sánchez Fernández ; corrección de estilo Rosmina Valdez Varela ; dirección de arte y diseño Lony Fernández Álvarez ; ilustración de imagenes, Juan A. Rodríguez Voigt ; ilustración de mapas Lony Fernández Álvarez.
250 _aTercera edición
264 4 _aSanto Domingo :
_bSergio Antonio Grullón Mejía,
_c©2024.
300 _a143 páginas :
_bilustraciones, mapas ;
_c23 cm.
336 _atexto
_btxt
_2rdacontent
337 _asin mediación
_bn
_2rdamedia
338 _avolumen
_bnc
_2rdacarrier
500 _aIncluye datos biográficos del autor en la solapa de la cubierta.
505 _aPrólogo, 11 -- Introducción, 15 -- Ruta Billini-Colón, 18 -- Casa de Tostado, 21 -- Parque Padre Billini, 22 -- Catedral Nuestra Señora de la Encarnación, 24 -- Casa del general Santiago Pérez, 29 -- Parque Colón, 31 -- Estatua de Colón, 34 -- Palacio Herrera-Borgellá, 35 -- Museo de la Catedral, 36 -- Residencia del Cardenal, 37 -- Casa del Sacramento, 39 -- Plazoleta de los Curas, 40 -- El callejón de los curas, 42 -- Convento de Santa Clara, 43 -- Fortaleza de Santo Domingo, 44 -- Casa de Bastidas, 47 -- Ruta Las Damas, 50 -- Casa de Hernán Cortes, 53 -- Casa de Nicolas de Ovando, 53 -- Casa de los Dávila, 54 -- Iglesia de los Jesuitas y Panteón de la Patria, 55 -- Capilla de los Remedios, 57 -- Museo de las Casas Reales, 58 -- Reloj de Sol, 58 -- Alcázar de Colón, 60 -- Calle de La Atarazana, 64 -- Alcantarillas coloniales, 65 -- Ruta de San Francisco a Las Mercedes, 68 -- Ermita y barrio de San Antón, 71 -- Ruinas de San Francisco, 72 -- Ruinas, 76 -- La casa fatídica, 77 -- Casa del Cordón, 78 -- Banco de Reservas y palacio de Correos, 79 -- Calle Hostos, 79 -- Hospital San Nicolás de Bari, 80 -- Calle Las Mercedes, 84 -- Casa de las Academias, 86 -- Edificios modernos en la calle Mercedes, 86 -- Convento de La Merced o de las Mercedes, 89 -- Calle Sánchez, 97 -- Calle El Conde, 97 -- Murallas coloniales, 102 -- Fuerte de San Gil, 105 -- Ruta de la Independencia, 105.
590 _aInventariado, 2025 /LP
700 1 _aValdez Varela, Rosmina
_ecorrector
_4corr.
_987473
700 1 _aRodríguez Voigt, Juan A Reyes,
_eilustrador
_4il.
_987474
700 1 _aReyes, Keila Francisco,
_ecoordinador
_4coord.
_987475
910 _aLP
942 _2ddc
_cLBS1
999 _c58219
_d58219